[Event "Titled Tue 1st Jul Early"]
[Site "chess.com INT"]
[Date "2025.07.01"]
[Round "10"]
[White "De Lomas Busquets, Alba"]
[Black "Vifleemskaia, Svetlana"]
[Result "1/2-1/2"]
[WhiteTitle "WCM"]
[BlackTitle "WFM"]
[WhiteElo "1997"]
[BlackElo "1942"]
[WhiteFideId "24585289"]
[BlackFideId "4129490"]
[EventDate "2025.07.01"]

1. d4 Nf6 2. Nf3 d5 3. e3 c5 4. dxc5 Nc6 5. Bb5 e6 6. b4 a5 7. c3 Ne4 8. Qb3 Be7
9. Nbd2 O-O 10. Bxc6 bxc6 11. Nxe4 dxe4 12. Nd4 e5 13. Nxc6 Qc7 14. Nxe7+ Qxe7
15. O-O Be6 16. c4 axb4 17. Bd2 Rfb8 18. Bxb4 f5 19. Qc3 f4 20. exf4 exf4 21. f3
e3 22. a3 Qg5 23. Rfe1 Ra6 24. Rad1 Bh3 25. Re2 Rg6 26. Qb2 Qh5 27. Rf1 Rd8 28.
Kh1 Bf5 29. c6 Rxc6 30. Qe5 Qg6 31. Qxf4 Bd3 32. Qxe3 Bxc4 33. Rfe1 Bxe2 34.
Qxe2 h6 35. h3 Rc2 36. Qe6+ Qxe6 37. Rxe6 Rd1+ 38. Kh2 Rd7 39. Rg6 Ra2 40. Rg4
Kf7 41. Kg3 g5 42. Re4 Rc2 43. h4 gxh4+ 44. Rxh4 Kg6 45. Rg4+ Kf7 46. Rf4+ Kg6
47. Re4 Ra2 48. Re6+ Kg7 49. Kg4 Rxg2+ 50. Kf5 Rf2 51. f4 h5 52. Rg6+ Kf7 53.
Rg5 Rd5+ 54. Ke4 Rxg5 55. fxg5 Kg6 56. Be7 Ra2 57. Kd3 h4 58. Kc4 h3 59. Bd6
Kxg5 60. Kb3 Ra1 61. a4 Rb1+ 62. Kc4 Kg4 63. a5 Ra1 64. Kb5 Kf3 65. a6 Kg2 66.
Kb6 Rb1+ 67. Kc7 Rc1+ 68. Kb7 Rb1+ 69. Kc6 Ra1 70. Kb7 Rb1+ 71. Kc6 Ra1 72. Kb7
Rb1+ 1/2-1/2

[Event "Titled Tue 1st Jul Early"]
[Site "chess.com INT"]
[Date "2025.07.01"]
[Round "10"]
[White "Loftgaard, Mikkel Vinh"]
[Black "Ternault, Mathieu"]
[Result "0-1"]
[WhiteTitle "FM"]
[BlackTitle "FM"]
[WhiteElo "2281"]
[BlackElo "2276"]
[WhiteFideId "1468480"]
[BlackFideId "20641532"]
[EventDate "2025.07.01"]

1. e4 c5 2. Nf3 d6 3. Bb5+ Bd7 4. Bxd7+ Nxd7 5. O-O g6 6. c3 Bg7 7. d4 cxd4 8.
cxd4 Rc8 9. Nc3 a6 10. Re1 e6 11. Bg5 Ne7 12. e5 d5 13. Qd2 h6 14. Bf4 g5 15.
Bg3 Nf5 16. Qd3 g4 17. Nd2 Qg5 18. f4 Qg6 19. Nf1 Rc4 20. b3 Rxd4 21. Qe2 O-O
22. Ne3 Nxe3 23. Qxe3 Rd3 24. Qc1 Rc8 25. Nxd5 Rxc1 26. Ne7+ Kh7 27. Raxc1 Qh5
28. Rc7 Bf8 29. Nc8 Bc5+ 30. Kf1 Kg6 31. Nd6 Bxd6 32. Rxd7 Qf5 33. exd6 Rd2 34.
Rc7 Qd5 35. Bf2 Qd3+ 36. Kg1 Qxd6 37. Rc3 Qd5 38. Rg3 h5 39. h3 f5 40. hxg4 fxg4
41. Rge3 h4 42. Rxe6+ Kf7 43. Re7+ Kf8 44. Re8+ Kf7 45. R1e7+ Kg6 46. Re6+ Kf7
47. R6e7+ Kg6 48. Re6+ Kf7 49. Re5 Rd1+ 50. Kh2 g3+ 51. Bxg3 hxg3+ 52. Kxg3 Qd3+
53. Kg4 Qg6+ 54. Kf3 Rd3+ 55. Ke2 Rd7 56. Kf3 Qc6+ 57. Kg3 Qg6+ 58. Kf3 Rc7 59.
f5 Qh5+ 60. g4 Qh3+ 61. Kf4 Qh2+ 62. Kg5 Qd2+ 63. Kh4 Qh6+ 64. Kg3 Rc3+ 65. Kg2
Qh3+ 66. Kf2 Qf3+ 67. Ke1 Rc1+ 68. Kd2 Rd1+ 69. Kc2 Qd3+ 70. Kb2 Rd2+ 71. Ka3
Qd6+ 72. Ka4 Rxa2# 0-1

[Event "Titled Tue 1st Jul Early"]
[Site "chess.com INT"]
[Date "2025.07.01"]
[Round "10"]
[White "Klys, Kacper"]
[Black "Moldagali, Beksultan"]
[Result "1-0"]
[WhiteTitle "CM"]
[BlackTitle "FM"]
[WhiteElo "2124"]
[BlackElo "2397"]
[WhiteFideId "21005281"]
[BlackFideId "13734768"]
[EventDate "2025.07.01"]

1. d4 Nf6 2. Nf3 d5 3. Bf4 c5 4. e3 Nc6 5. Nbd2 cxd4 6. exd4 Qb6 7. Nb3 Bg4 8.
Be2 e6 9. O-O Be7 10. h3 Bh5 11. c3 O-O 12. Ne5 Bxe2 13. Qxe2 a5 14. Rab1 a4 15.
Nd2 Qa6 16. Qe3 b5 17. a3 Na5 18. Bg5 Qb7 19. f4 Nc4 20. Ndxc4 dxc4 21. Bxf6
Bxf6 22. Qf3 Qxf3 23. Rxf3 Rad8 24. g4 Rd5 25. Nc6 Rc8 26. Nb4 Rd6 27. Re1 h6
28. Kg2 Re8 29. Kg3 g6 30. h4 Bg7 31. Rf2 f5 32. g5 Kf7 33. Rfe2 hxg5 34. hxg5
Rdd8 35. Nc6 Rd6 36. Ne5+ Bxe5 37. fxe5 Rdd8 38. Rh2 Rh8 39. Reh1 Rxh2 40. Rxh2
Kg7 41. Kf4 Rd5 42. Rh1 Rd7 43. Rh2 Rb7 44. Rh6 Rc7 45. Rh2 Rc8 46. Rd2 Rd8 47.
Rd1 Kf7 48. Rh1 Kg7 49. Rd1 Rh8 50. d5 Rh4+ 51. Kf3 exd5 52. Rxd5 Rg4 53. Rxb5
Rxg5 54. Rb7+ Kh6 55. e6 Rg1 56. Rb4 Re1 57. Rxc4 Rxe6 58. Rxa4 g5 59. c4 Rb6
60. b4 Rd6 61. Ra5 Rd3+ 62. Ke2 Rd4 63. Rxf5 Rxc4 64. b5 Ra4 65. Rf3 Ra5 66. Rb3
Ra8 67. b6 Kg6 68. b7 Rb8 69. a4 Kf6 70. a5 Ke6 71. a6 Kd6 72. a7 Re8+ 73. Kf2 1-0

[Event "Titled Tue 1st Jul Early"]
[Site "chess.com INT"]
[Date "2025.07.01"]
[Round "10"]
[White "Shubenkova, Veronika"]
[Black "Sovetbekova, Nurai"]
[Result "1-0"]
[WhiteTitle "WFM"]
[BlackTitle "WFM"]
[WhiteElo "2031"]
[BlackElo "2007"]
[WhiteFideId "44124040"]
[BlackFideId "13801910"]
[EventDate "2025.07.01"]

1. e4 c5 2. Nc3 Nc6 3. g3 g6 4. Bg2 Bg7 5. d3 e6 6. f4 Nge7 7. Nf3 O-O 8. O-O d6
9. Rb1 Rb8 10. Ne2 Nd4 11. Be3 Nec6 12. c3 Nxe2+ 13. Qxe2 b5 14. h4 b4 15. c4
Re8 16. h5 Bb7 17. g4 d5 18. Bxc5 dxc4 19. dxc4 Qc7 20. hxg6 hxg6 21. Qe3 Bh6
22. e5 Na5 23. Bd6 Nxc4 24. Qd4 Nxd6 25. exd6 Qa5 26. Ne5 Bg7 27. g5 Red8 28.
Rf2 Qb6 29. Qd2 Rxd6 30. Qe2 Rbd8 31. Bxb7 Qxb7 32. Re1 Rd4 33. Qe3 Qd5 34. Rh2
Rd2 35. Rxd2 Qxd2 36. Nc6 Qxe3+ 37. Rxe3 Rd1+ 38. Kg2 Rd2+ 39. Kg3 Rxb2 40. Rd3
Kh7 41. Ne7 Rc2 42. Kg4 Rc3 43. Rd2 b3 44. Rh2+ Bh6 45. Rxh6+ Kg7 46. axb3 Rxb3
47. Nc6 Rc3 48. Ne5 a5 49. Rh1 a4 50. Rb1 a3 51. Rb7 a2 52. Rxf7+ Kg8 53. Ra7
Rc2 54. Nxg6 Rd2 55. Ne5 Rg2+ 56. Kh5 Rb2 57. Kg6 Kf8 58. Ra8+ Ke7 59. Nc6+ Kd6
60. Ne5 Kd5 61. Kf6 Rc2 62. Ra5+ Ke4 63. g6 Kxf4 64. g7 Rg2 65. Ng6+ Rxg6+ 66.
Kxg6 e5 67. Rxa2 1-0

[Event "Titled Tue 1st Jul Early"]
[Site "chess.com INT"]
[Date "2025.07.01"]
[Round "10"]
[White "Fedorov, Artem Alek"]
[Black "Zhou, Yuxu"]
[Result "0-1"]
[WhiteTitle "CM"]
[BlackTitle "CM"]
[WhiteElo "2157"]
[BlackElo "2197"]
[WhiteFideId "34418431"]
[BlackFideId "8626421"]
[EventDate "2025.07.01"]

1. e4 e6 2. d4 d5 3. Nc3 Nf6 4. Bg5 Bb4 5. e5 h6 6. Bd2 Bxc3 7. bxc3 Ne4 8. Bc1
Nxc3 9. Qg4 g6 10. Ne2 Nxe2 11. Bxe2 b6 12. h4 Ba6 13. Bxa6 Nxa6 14. h5 g5 15.
f4 gxf4 16. Bxf4 Qe7 17. Qe2 Qb4+ 18. Bd2 Qa4 19. O-O Qxd4+ 20. Be3 Qxe5 21.
Rae1 Nb8 22. Qf2 Qxh5 23. Bd4 Rg8 24. Qf6 Qg6 25. Qf3 Nc6 26. Qxd5 Qxc2 27. Rf2
Qa4 28. Bf6 Kf8 29. Qd7 Re8 30. Rc1 Rg6 31. Bg5 f5 32. Bf4 Qd4 33. Qxc6 Kf7 34.
Qxc7+ Re7 35. Qe5 Qxe5 36. Bxe5 Rg4 37. Re2 Ra4 38. Rc6 Rb4 39. Bd6 Rb1+ 40. Kh2
Rd7 41. a3 Rd1 42. Bb4 e5 43. Rxe5 R1d5 44. Rxd5 Rxd5 45. Rxh6 a5 46. Be1 Rd3
47. Rxb6 Rxa3 48. Ra6 a4 49. Bf2 Ra2 50. Kg3 f4+ 51. Kf3 Ke7 52. Bc5+ Kd7 53.
Kxf4 Rxg2 54. Rxa4 Rc2 55. Rd4+ Kc6 56. Be7 Kb7 57. Bf6 Rf2+ 58. Ke5 Rf1 59. Kd6
Rxf6+ 60. Kd5 Rf5+ 61. Kc4 Rf1 62. Rd5 Kc6 63. Kd4 Rd1+ 64. Ke4 Rxd5 65. Ke3 Kd6
66. Ke4 Ke6 67. Ke3 Ke5 68. Kf3 Rd4 69. Ke3 Kd5 70. Ke2 Re4+ 71. Kf3 Ke5 72. Kf2
Kd4 73. Kf3 Kd3 74. Kg3 Ke3 75. Kg2 Rg4+ 76. Kh3 Kf3 77. Kh2 Kf2 78. Kh3 Ra4 79.
Kh2 Rh4# 0-1

[Event "Titled Tue 1st Jul Early"]
[Site "chess.com INT"]
[Date "2025.07.01"]
[Round "10"]
[White "Svane, Frederik"]
[Black "Ter-Sahakyan, Samvel"]
[Result "0-1"]
[WhiteTitle "GM"]
[BlackTitle "GM"]
[WhiteElo "2659"]
[BlackElo "2611"]
[WhiteFideId "12923044"]
[BlackFideId "13302531"]
[EventDate "2025.07.01"]

1. c4 e5 2. a3 Nf6 3. d3 Nc6 4. Nf3 d5 5. cxd5 Nxd5 6. e4 Nf6 7. Be2 Bc5 8. O-O
O-O 9. Nc3 Bg4 10. Na4 Bd6 11. Be3 Re8 12. b4 a5 13. b5 Ne7 14. Nc5 Qc8 15. a4
Ng6 16. Qc2 b6 17. Nb3 Nh5 18. g3 Bh3 19. Rfe1 Nhf4 20. Bf1 Bxf1 21. Rxf1 Qh3
22. Ne1 Ne6 23. f3 Rad8 24. Ng2 h6 25. Qe2 f5 26. Rac1 f4 27. Bf2 Ng5 28. Be1
Kh8 29. gxf4 exf4 30. Bc3 Qe6 31. Rb1 Qh3 32. Kh1 Bb4 33. Rbc1 Bxc3 34. Rxc3 Rd7
35. Rc6 Ne5 36. Nxf4 Qh4 37. Ng2 Qh3 38. Nf4 Qh4 39. Ng6+ Nxg6 40. Rxg6 Ne6 41.
Rg4 Qf6 42. f4 Red8 43. Rf3 Qc3 44. d4 Qb4 45. d5 Nd4 46. Nxd4 Qxd4 47. Rg6 Re7
48. Re6 Rxe6 49. dxe6 Qf6 50. f5 Qa1+ 51. Kg2 Qc1 52. Rd3 Qg5+ 53. Kh3 Re8 54.
Qg4 Qc1 55. Rg3 Re7 56. Qf3 Qc5 57. f6 Rxe6 58. fxg7+ Kg8 59. Qf5 Qxf5+ 60. exf5
Rf6 61. Rg4 Rxf5 62. Rg6 Rf4 63. Rxh6 Rxa4 64. Rc6 Rb4 65. Rxc7 Rxb5 66. Kg4 a4
67. h4 Rc5 68. Ra7 Ra5 69. Rb7 a3 70. h5 a2 71. h6 Ra8 0-1

[Event "Titled Tue 1st Jul Early"]
[Site "chess.com INT"]
[Date "2025.07.01"]
[Round "10"]
[White "Karvatskyi, Oleksii"]
[Black "Beyer, Lorenz"]
[Result "1/2-1/2"]
[WhiteTitle "CM"]
[BlackTitle "CM"]
[WhiteElo "2258"]
[BlackElo "2192"]
[WhiteFideId "14191059"]
[BlackFideId "16245393"]
[EventDate "2025.07.01"]

1. Nc3 d5 2. e4 e6 3. Nf3 d4 4. Ne2 c5 5. c3 dxc3 6. Nxc3 Nc6 7. Bb5 Bd7 8. O-O
Nf6 9. d4 cxd4 10. Nxd4 Nxd4 11. Qxd4 Bxb5 12. Nxb5 Qxd4 13. Nxd4 Bc5 14. Nb5
O-O 15. Nc3 Bd4 16. Re1 Rac8 17. Bd2 Rfd8 18. Re2 a6 19. h3 b5 20. a3 Nd7 21.
Be1 Ne5 22. Kf1 Nd3 23. Rd1 Nxe1 24. Red2 Nxg2 25. Kxg2 e5 26. Nd5 f6 27. f4 Re8
28. Kf3 Kf7 29. Ke2 Rc4 30. Kd3 Rec8 31. fxe5 Bxe5 32. Ke3 Rc2 33. Nb4 Rxd2 34.
Rxd2 Ke6 35. Nxa6 Rc4 36. Nb4 g5 37. Kf3 Bf4 38. Re2 h5 39. Nd5 Be5 40. Ne3 Rd4
41. Nf5 Rd3+ 42. Kg2 Rb3 43. Ng7+ Kf7 44. Nxh5 Bxb2 45. Rf2 Kg6 46. Ng3 Be5 47.
Nf5 Rxa3 48. Ne7+ Kf7 49. Nc6 Ke6 50. Nb4 Rb3 51. Nd5 Rd3 52. Nb4 Rd4 53. Na6
Kd6 54. Rb2 Ra4 55. Rd2+ Kc6 56. Rc2+ Kb6 57. Nc5 Rc4 58. Nd7+ Kc7 59. Rd2 Rd4
60. Rxd4 Bxd4 61. Nf8 b4 62. Ne6+ Kd6 63. Nxd4 Kc5 64. Nb3+ Kc4 65. Na5+ Kb5 66.
Nb3 Kc4 67. Nc1 Kc3 68. Kf3 Kc2 69. Na2 b3 70. Nb4+ Kc3 71. Nd5+ Kd4 72. Ne3 b2
73. Nc2+ Kc3 74. Na3 Kb3 75. Nb1 Kc2 76. Na3+ Kc1 77. Kg4 Kd2 78. Kf5 Kc3 79.
Kxf6 Kb3 80. Nb1 Kc2 81. Na3+ Kb3 82. Nb1 Kc2 83. Na3+ Kb3 1/2-1/2

[Event "Titled Tue 1st Jul Early"]
[Site "chess.com INT"]
[Date "2025.07.01"]
[Round "10"]
[White "Jinan, Jomon"]
[Black "Povshednyi, Ivan"]
[Result "1-0"]
[WhiteTitle "FM"]
[BlackTitle "FM"]
[WhiteElo "2309"]
[BlackElo "2307"]
[WhiteFideId "35002511"]
[BlackFideId "14190907"]
[EventDate "2025.07.01"]

1. e4 c5 2. Nf3 d6 3. Bb5+ Nd7 4. a4 Nf6 5. Nc3 a6 6. Be2 b6 7. d4 cxd4 8. Nxd4
Bb7 9. f3 g6 10. Nb3 Bg7 11. Be3 O-O 12. O-O Qc7 13. Qd2 e6 14. Bf4 Ne5 15. Kh1
Rfd8 16. Qe3 Nfd7 17. Rfd1 Nc5 18. Nd4 Rac8 19. Bg3 Qe7 20. Qf2 g5 21. Qe3 Ng6
22. Bf1 Be5 23. Nde2 Nd7 24. Rd2 Qf6 25. Rad1 Nf4 26. Qf2 Nc5 27. Nxf4 Bxf4 28.
Bxf4 Qxf4 29. Qg3 Qxg3 30. hxg3 Rc6 31. Kg1 Kf8 32. Kf2 Ke7 33. Ke3 Rcc8 34. Rd4
Nd7 35. Rxd6 Rc6 36. Rxc6 Bxc6 37. Bxa6 Rc8 38. Bxc8 Ne5 39. Ba6 h6 40. Bb5 Bb7
41. f4 Ng4+ 42. Kf3 Nf6 43. b4 g4+ 44. Ke3 h5 45. a5 bxa5 46. bxa5 h4 47. gxh4
g3 48. a6 Ba8 49. a7 Ng4+ 50. Kf3 f5 51. Kxg3 Ne3 52. Re1 Nxc2 53. Rc1 Nd4 54.
exf5 exf5 55. Kh2 Kf6 56. Bd3 Nc6 57. Nd5+ Ke6 58. Nb6 Nxa7 59. Nxa8 Kf6 60. Nb6
Kg6 61. Nd5 Kh5 62. Bxf5 Nb5 63. Kh3 Nd4 64. g4+ Kh6 65. g5+ Kh5 66. Bg4+ Kg6
67. f5+ Kf7 68. Kg3 Kg7 69. f6+ Kg6 70. Rd1 Ne2+ 71. Bxe2 Kh7 72. Nf4 Kg8 73. g6
Kh8 74. Rd8# 1-0

[Event "Titled Tue 1st Jul Early"]
[Site "chess.com INT"]
[Date "2025.07.01"]
[Round "10"]
[White "Punin, Andrii"]
[Black "Alikulov, Elbek"]
[Result "1-0"]
[WhiteTitle "FM"]
[BlackTitle "IM"]
[WhiteElo "2289"]
[BlackElo "2305"]
[WhiteFideId "14112639"]
[BlackFideId "14203308"]
[EventDate "2025.07.01"]

1. Nf3 Nf6 2. c4 g6 3. Nc3 Bg7 4. g3 d6 5. Bg2 O-O 6. O-O c6 7. e4 e5 8. h3 Nbd7
9. d4 exd4 10. Nxd4 Nc5 11. Rb1 Re8 12. Re1 a5 13. b3 Ne6 14. Nxe6 Bxe6 15. Bb2
Qc7 16. Qc2 Rad8 17. Rbd1 Qc8 18. Kh2 h6 19. Ne2 Nh7 20. Bxg7 Kxg7 21. Qc3+ Kg8
22. Qxa5 Ng5 23. Ng1 Qa8 24. Qxa8 Rxa8 25. a4 Rad8 26. Rd3 Bc8 27. Red1 Nxe4 28.
Bxe4 Rxe4 29. Rxd6 Rxd6 30. Rxd6 Be6 31. Rd8+ Kg7 32. Rb8 b5 33. axb5 cxb5 34.
Rxb5 h5 35. Kg2 Bf5 36. Nf3 Re2 37. Nd4 Be4+ 38. Kf1 Rd2 39. f3 Rxd4 40. fxe4
Rxe4 41. c5 Kf6 42. b4 Ke6 43. Rb6+ Kd7 44. Rb7+ Kc6 45. Rxf7 Rxb4 46. Rf6+ Kxc5
47. Rxg6 Kd5 48. h4 Rb2 49. Rf6 Ke5 50. Rf4 Rc2 51. Kg1 Rb2 52. Rf8 Rc2 53. Rh8
Kf6 54. Rxh5 Kg7 55. Rf5 Ra2 56. Rf2 Ra3 57. Kg2 Kg6 58. Rf3 Ra1 59. g4 Kh6 60.
Rf6+ Kg7 61. Re6 Kf7 62. Re4 Ra3 63. Rf4+ Kg6 64. Rf3 Ra4 65. Kg3 Kh6 66. h5 Kg5
67. Rf5+ Kh6 68. Kh4 Ra1 69. Rf6+ Kg7 70. Rb6 Ra5 71. h6+ Kh7 72. g5 Ra1 73.
Rb7+ Kg6 74. Rg7+ Kf5 75. h7 Rh1+ 76. Kg3 Rh5 77. g6 Kf6 78. Rg8 Rg5+ 79. Kf3
Rf5+ 80. Ke4 Re5+ 81. Kd4 Rh5 82. h8=Q+ Rxh8 83. Rxh8 1-0

[Event "Titled Tue 1st Jul Early"]
[Site "chess.com INT"]
[Date "2025.07.01"]
[Round "10"]
[White "Calvo Gonzalez, Jose Felix"]
[Black "Hernandez Samayoa, Dilan Alexander"]
[Result "1/2-1/2"]
[WhiteTitle "CM"]
[BlackTitle "CM"]
[WhiteElo "2214"]
[BlackElo "2006"]
[WhiteFideId "54505615"]
[BlackFideId "7306679"]
[EventDate "2025.07.01"]

1. e4 c5 2. Nf3 Nc6 3. d4 cxd4 4. Nxd4 Nf6 5. Nc3 d6 6. Bg5 e6 7. f4 a6 8. f5 h6
9. fxe6 hxg5 10. exf7+ Kxf7 11. Bc4+ Ke8 12. Nxc6 bxc6 13. Qf3 Bg4 14. Qg3 Qb6
15. e5 dxe5 16. Qxe5+ Be7 17. Kf1 Qc5 18. Qxc5 Bxc5 19. Re1+ Kd7 20. Na4 Ba7 21.
h3 Bf5 22. Re5 Bxc2 23. Nc3 Ng8 24. Rxg5 Ne7 25. Ke2 Rae8 26. Kd2 Bf5 27. Rd1
Kc7 28. Rxg7 Bc5 29. Re1 Kb8 30. Na4 Bd6 31. g4 Bc8 32. Nb6 Nd5 33. Rxe8 Rxe8
34. Nxd5 cxd5 35. Bxd5 Bf4+ 36. Kd1 Rd8 37. Ke2 Rxd5 38. Kf3 Be5 39. Re7 Rb5 40.
g5 Bd6 41. Rg7 Bxh3 42. g6 Rg5 43. Rg8+ Kb7 44. g7 Be6 45. Rd8 Rxg7 46. Rxd6
Bxa2 47. Ke3 Bc4 48. Kd2 Bb5 49. Kc3 Rc7+ 50. Kb3 Rc6 51. Rd7+ Kb6 52. Rd4 Re6
53. Ka3 Re3+ 54. b3 Rd3 55. Rxd3 Bxd3 56. Kb2 Bh7 57. b4 Kb5 58. Ka1 Bg8 59. Kb2
Bd5 60. Ka1 Kc4 61. Kb2 Kd3 62. Ka1 Kc3 63. Kb1 Bc6 64. Ka1 Kb3 65. Kb1 Be4+ 66.
Ka1 Ka3 67. b5 a5 68. b6 Kb4 69. b7 Bxb7 70. Kb2 Bd5 71. Ka1 a4 72. Kb2 Kc4 73.
Ka1 Kb3 74. Kb1 Ka3 75. Ka1 Bc4 76. Kb1 Bb5 77. Ka1 Kb3 78. Kb1 Bd3+ 79. Ka1 Bc4
80. Kb1 Ka3 81. Ka1 Bb3 82. Kb1 Kb4 83. Ka1 Kc4 84. Kb1 Kc3 85. Ka1 Kc2 1/2-1/2

[Event "Titled Tue 1st Jul Early"]
[Site "chess.com INT"]
[Date "2025.07.01"]
[Round "10"]
[White "Tekeyev, Zaur"]
[Black "Rustamov, Rustam"]
[Result "1-0"]
[WhiteTitle "IM"]
[BlackTitle "FM"]
[WhiteElo "2407"]
[BlackElo "2323"]
[WhiteFideId "4199731"]
[BlackFideId "13440110"]
[EventDate "2025.07.01"]

1. e4 c5 2. Nf3 d6 3. Bb5+ Bd7 4. Bxd7+ Qxd7 5. O-O Nc6 6. c3 Nf6 7. Re1 e6 8.
d4 cxd4 9. cxd4 d5 10. e5 Ne4 11. Nbd2 Nxd2 12. Bxd2 Be7 13. Rc1 Rc8 14. a3 O-O
15. Rc3 b6 16. Rd3 Na5 17. Ng5 h6 18. Nh3 Nc4 19. Bc3 f5 20. exf6 Bxf6 21. Nf4
Rce8 22. Ng6 Rf7 23. Qg4 Nd6 24. Rh3 Kh7 25. Nf4 Nf5 26. Nxe6 g6 27. Nf4 Rxe1+
28. Bxe1 Rg7 29. Bc3 Bxd4 30. Bxd4 Nxd4 31. Rxh6+ Kg8 32. Qxd7 Rxd7 33. Rxg6+
Kf7 34. Rg5 Ke8 35. Re5+ Kd8 36. Nxd5 Nc6 37. Rh5 Kc8 38. h3 Na5 39. Ne3 Rd2 40.
b4 Nb3 41. Rh4 Ra2 42. Rc4+ Kb7 43. Rc3 Nd4 44. Kh2 Rxf2 45. Rd3 Ne6 46. Kg3 Ra2
47. h4 Ra1 48. Ng4 Rh1 49. Nf2 Re1 50. Ng4 Rh1 51. Re3 Nd4 52. Re4 Nf5+ 53. Kf4
Nxh4 54. Re2 Rf1+ 55. Kg3 Nf5+ 56. Kh2 Nd4 57. Re7+ Ka6 58. Ne5 Ra1 59. Nc4 Kb5
60. Nd6+ Kc6 61. Nc8 Rxa3 62. Nxa7+ Kd5 63. Rd7+ Ke5 64. Rxd4 Rxa7 65. Rg4 Kd5
66. Kh3 Rc7 67. Kh4 b5 68. Rf4 Rc4 69. g3 Rc1 70. Kg5 Rg1 71. g4 Rg3 72. Kf5 Rc3
73. g5 Rc8 74. g6 Rf8+ 75. Kg5 Rg8 76. Kh6 Rh8+ 77. Kg7 Rh1 78. Kf7 Ke5 79. Rf6
Rg1 80. Rb6 Kd4 81. Rxb5 Kc4 82. Rb6 1-0

[Event "Titled Tue 1st Jul Early"]
[Site "chess.com INT"]
[Date "2025.07.01"]
[Round "10"]
[White "Mardov, Dimitar"]
[Black "Aradhya, Garg"]
[Result "1-0"]
[WhiteTitle "IM"]
[BlackTitle "IM"]
[WhiteElo "2506"]
[BlackElo "2370"]
[WhiteFideId "30919495"]
[BlackFideId "25006746"]
[EventDate "2025.07.01"]

1. Nf3 d5 2. e3 Nf6 3. c4 e6 4. b3 c5 5. Bb2 Nc6 6. cxd5 exd5 7. Bb5 Bd6 8. d4
Qa5+ 9. Nc3 Ne4 10. Qc2 cxd4 11. Nxd4 O-O 12. Bxc6 bxc6 13. O-O Nxc3 14. Bxc3
Qc7 15. h3 Bd7 16. Rac1 Rfe8 17. Bb2 c5 18. Nf5 Bh2+ 19. Kh1 Be5 20. Bxe5 Qxe5
21. Ng3 Rac8 22. Rfd1 h5 23. Qd2 h4 24. Ne2 d4 25. Ng1 Bc6 26. exd4 cxd4 27. f3
Red8 28. Qf2 g5 29. Rc4 d3 30. Qxa7 d2 31. Qf2 Qb2 32. Qe3 Qf6 33. Rxd2 Rxd2 34.
Qxd2 Ra8 35. Qc3 Qxc3 36. Rxc3 Bd5 37. Rc2 f6 38. Ne2 Kf7 39. Kg1 Ke6 40. Kf2
Ke5 41. Rd2 Rc8 42. Rb2 f5 43. a4 f4 44. b4 Rc4 45. a5 Bb7 46. b5 Ra4 47. a6 Ba8
48. b6 Rxa6 49. b7 Bxb7 50. Rxb7 Ra2 51. Rb5+ Kf6 52. Rd5 Kg6 53. Ke1 Kf6 54.
Rd2 Ra1+ 55. Kf2 Ra3 56. Nc1 Ke5 57. Nd3+ Kf5 58. Nc5 Rc3 59. Ne4 Ra3 60. Rd5+
Ke6 61. Rxg5 Ra2+ 62. Kg1 Ra1+ 63. Kh2 Re1 64. Rh5 Rf1 65. Rxh4 Ke5 66. Rg4 Ra1
67. h4 Ra6 68. Kh3 Rh6 69. Nc3 Kd4 70. Ne2+ Ke3 71. Nxf4 Kf2 72. Nd3+ Ke3 73.
Re4+ Kxd3 74. g4 Rb6 75. g5 Rb1 76. Kg4 Rf1 77. h5 Rg1+ 78. Kf5 Rh1 79. h6 Rh2
80. Kg6 Rh3 81. h7 Rxf3 82. h8=Q Kxe4 83. Qa8+ Kf4 84. Qxf3+ Kxf3 85. Kf6 1-0

[Event "Titled Tue 1st Jul Early"]
[Site "chess.com INT"]
[Date "2025.07.01"]
[Round "10"]
[White "Yonal, Timur"]
[Black "Aarit Kapil"]
[Result "0-1"]
[WhiteTitle "FM"]
[BlackTitle "CM"]
[WhiteElo "2090"]
[BlackElo "2020"]
[WhiteFideId "44115725"]
[BlackFideId "33408947"]
[EventDate "2025.07.01"]

1. Nf3 Nf6 2. c4 e6 3. e3 d5 4. b3 Be7 5. Bb2 O-O 6. Nc3 c6 7. Be2 Nbd7 8. Qc2
a6 9. Rg1 b5 10. g4 Nc5 11. g5 Nfe4 12. d3 Nxc3 13. Bxc3 b4 14. Bb2 a5 15. a4
bxa3 16. Bxa3 a4 17. b4 Nb3 18. Rd1 Rb8 19. Qc3 Qb6 20. c5 Qc7 21. Bb2 f6 22. h4
e5 23. gxf6 Bxf6 24. Nxe5 Bxh4 25. Nf3 Bf6 26. Qc2 Bf5 27. Bxf6 Rxf6 28. Qb2 Bg6
29. Qc3 Qb7 30. Rg4 Bh5 31. Qxf6 Bxg4 32. Qd6 Qxb4+ 33. Kf1 Bh3+ 34. Kg1 Qg4+
35. Qg3 Qxg3+ 36. fxg3 a3 37. Nd2 a2 38. Kh2 Nxd2 39. Ra1 Bf1 40. Rxa2 Bxe2 41.
Rxd2 Bg4 42. Ra2 Bf5 43. Ra6 Rc8 44. d4 Bd3 45. Rb6 Bb5 46. Kg2 Re8 47. Kf2 h5
48. Rb7 Kh7 49. Rf7 Kh6 50. Kf3 Re6 51. Rd7 Rf6+ 52. Kg2 Bd3 53. Rd8 Be4+ 54.
Kh3 Rf1 55. g4 Rh1+ 56. Kg3 h4+ 57. Kf4 h3 58. g5+ Kh5 59. Rh8+ Kg6 60. Kg3 Rg1+
61. Kh2 Rxg5 62. Rd8 Rf5 63. Kxh3 Rf6 64. Rc8 Bd3 65. Kg3 Kf5 66. Re8 Rg6+ 67.
Kh4 Rg4+ 68. Kh3 Bf1+ 69. Kh2 Bb5 70. Kh3 Re4 71. Rg8 Rxe3+ 72. Kh4 Re4+ 73. Kg3
Rxd4 74. Rxg7 Rc4 75. Rf7+ Ke4 76. Rf4+ Kd3 77. Rf3+ Kd4 78. Rf4+ Kxc5 79. Rf7
d4 80. Kf4 Kb4 81. Ke4 d3+ 82. Ke3 Rc2 83. Rd7 Kc3 84. Rd6 Re2+ 85. Kf3 d2 86.
Rxc6+ Bxc6+ 87. Kxe2 Ba4 88. Kf2 d1=Q 89. Ke3 Qd2+ 90. Kf3 Bc2 91. Kg3 Kd4 92.
Kf3 Be4+ 93. Kg4 Qg2+ 94. Kh4 Ke5 95. Kh5 Kf5 96. Kh4 Qh2# 0-1

[Event "Titled Tue 1st Jul Early"]
[Site "chess.com INT"]
[Date "2025.07.01"]
[Round "10"]
[White "Kanyamarala, Trisha"]
[Black "Fandi, Mazen"]
[Result "1/2-1/2"]
[WhiteTitle "WIM"]
[BlackTitle "FM"]
[WhiteElo "2233"]
[BlackElo "2302"]
[WhiteFideId "45004722"]
[BlackFideId "7611625"]
[EventDate "2025.07.01"]

1. c4 e5 2. Nc3 Nf6 3. g3 d5 4. cxd5 Nxd5 5. Bg2 Nb6 6. Nf3 Nc6 7. O-O Be6 8. a3
Be7 9. b4 a6 10. Bb2 Qd7 11. Re1 O-O 12. Rc1 f5 13. d3 Bf6 14. Nd2 Rad8 15. Nb3
Qd6 16. Nc5 Bc8 17. a4 Kh8 18. Ba3 Nd7 19. Nb3 Nxb4 20. Nd5 a5 21. Nxc7 Qb6 22.
Nb5 Nb8 23. Qd2 N8c6 24. Nxa5 Nxa5 25. Bxb4 Nb3 26. Qc2 Nxc1 27. Bxf8 Nxe2+ 28.
Qxe2 Rxf8 29. Rc1 Bd7 30. Nc3 Rc8 31. Rb1 Qd6 32. Nd5 Bxa4 33. Nxf6 Qxf6 34.
Bxb7 Rb8 35. Qa2 Bd7 36. Bd5 Rxb1+ 37. Qxb1 Qd8 38. Qb2 Qe7 39. Qb8+ Qe8 40. Qd6
h6 41. h4 Bb5 42. Be6 f4 43. Qxe5 fxg3 44. fxg3 Bxd3 45. Qd6 Bg6 46. Qd7 Qxd7
47. Bxd7 Kg8 48. Kf2 Kf8 49. Kf3 Ke7 50. Bh3 Kf6 51. Kf4 Bf7 52. Bf1 Be6 53. g4
g5+ 54. Kg3 Ke5 55. Be2 Kd4 56. hxg5 hxg5 57. Bd1 Ke3 58. Bc2 Bf7 59. Bf5 Kd4
60. Bc8 Ke5 61. Bf5 Be6 62. Bg6 Bd5 63. Bh7 Be4 64. Bg8 Bd5 65. Bh7 Kf6 66. Bc2
Bf7 67. Bd1 Ke5 68. Bc2 Be6 69. Bd1 Bd5 70. Bc2 Be4 71. Bd1 Kd4 72. Bb3 Ke3 73.
Bd1 Kd2 74. Ba4 Bc2 75. Bc6 Ke3 76. Bd7 Bd1 77. Be6 Be2 78. Bd7 Bf3 79. Be6 Be4
80. Bd7 Kd4 81. Be6 Ke5 82. Bc8 Bd5 83. Bd7 Be6 84. Bb5 Kd4 85. Bc6 Bd5 86. Bd7
Ke5 87. Be8 Be4 88. Bd7 Kd4 89. Be8 Ke3 90. Bd7 Bf3 91. Be8 Be2 92. Bd7 Bd3 93.
Be8 Kd4 94. Bd7 Be4 1/2-1/2